000 00693nam a2200181Ia 4500
008 100920s9999 xx 000 0 und d
082 _b86730
_a891.464 न 03
100 _aसाईनाथ पी. / अनु. कर्णिक हेमंत.
245 _aदुष्काळ आवडे सर्वांना!.
260 _bअक्षर प्रकाशन, मुंबई.
_c2003
300 _a352
_bसाधी
365 _b300
520 _aनिबंध.
630 _aदुष्काळ आवडे सर्वांना!.
650 _aनिबंध.
730 _aदुष्काळ आवडे सर्वांना!.
942 _cBOOK
999 _c727240
_d727237